000
00289nam a2200109Ia 4500
008
200302s9999 xx 000 0 und d
100
_a
P. Dayaratnam
245
_a
Brick and Reinforced Brick Structures
260
_b
Oxford & IBH Publishing Co. Pvt. Ltd.
260
_c
1987
300
_a
180 P.,
999
_c
1044
_d
1044